Captain America: Civil War Team Iron Man Quiz - Statistics

General Stats
  • This quiz has been taken 112 times
  • The average score is 6 of 6
Answer Stats
Team Iron Man % Correct
Iron Man
97%
Spider-Man
96%
War Machine
96%
Black Widow
95%
Vision
93%
Black Panther
90%
No matching quizzes found
Score Distribution
Percent of People with Each Score
Percentile by Number Answered
Your Score History
You have not taken this quiz